Diversification problems for farmers (Record no. 117625)
[ view plain ]
| 000 -LEADER | |
|---|---|
| fixed length control field | 01171cam a2200241 4500 |
| 001 - CONTROL NUMBER | |
| control field | WB4025-22 |
| 008 - FIXED-LENGTH DATA ELEMENTS--GENERAL INFORMATION | |
| fixed length control field | 040630n2004 000 0 eng u |
| 035 ## - SYSTEM CONTROL NUMBER | |
| System control number | (Sirsi) u126654 |
| 245 ## - TITLE STATEMENT | |
| Title | Diversification problems for farmers |
| 260 ## - PUBLICATION, DISTRIBUTION, ETC. | |
| Date of publication, distribution, etc. | 2004 |
| 490 ## - SERIES STATEMENT | |
| Series statement | TFA Media Release |
| Volume/sequential designation | (MR17) 21 June 2004, (1) |
| 520 ## - SUMMARY, ETC. | |
| Summary, etc. | The Tenant Farmers Association highlights the problems faced by farm tenants when considering diversification. Business advisors frequently suggest this as an option for business development, but often tenants are limited by restrictions in their contracts. A TFA survey, reported that 53% of landlords would take a negative attitude to carrying out of non-agricultural activities on let land. The survey is available at http://www.defra.gov.uk/farm/tenancy/trig/fullrepo rt.pdf. http://www.tenant-farmers.org.uk/_code/common/item .asp?id=4032302 |
| 590 ## - LOCAL NOTE (RLIN) | |
| Local note | WB |
| 590 ## - LOCAL NOTE (RLIN) | |
| Local note | WB |
| 650 ## - SUBJECT ADDED ENTRY--TOPICAL TERM | |
| Topical term or geographic name entry element | FARMING |
| 650 ## - SUBJECT ADDED ENTRY--TOPICAL TERM | |
| Topical term or geographic name entry element | FARM BUSINESS TENANCIES |
| 650 ## - SUBJECT ADDED ENTRY--TOPICAL TERM | |
| Topical term or geographic name entry element | DIVERSIFICATION |
| 650 ## - SUBJECT ADDED ENTRY--TOPICAL TERM | |
| Topical term or geographic name entry element | FARM TENANTS |
| 650 ## - SUBJECT ADDED ENTRY--TOPICAL TERM | |
| Topical term or geographic name entry element | TENANCY AGREEMENTS |
| 650 ## - SUBJECT ADDED ENTRY--TOPICAL TERM | |
| Topical term or geographic name entry element | AGRICULTURAL HOLDINGS ACT 1996 |
| 690 ## - LOCAL SUBJECT ADDED ENTRY--TOPICAL TERM (OCLC, RLIN) | |
| Topical term or geographic name as entry element | RURAL-FARM BUSINESS MANAGEMENT |
| 942 ## - ADDED ENTRY ELEMENTS (KOHA) | |
| Suppress in OPAC | 0 |
| Withdrawn status | Lost status | Source of classification or shelving scheme | Damaged status | Not for loan | Home library | Current library | Shelving location | Date acquired | Total Checkouts | Full call number | Barcode | Date last seen | Copy number | Price effective from | Koha item type |
|---|---|---|---|---|---|---|---|---|---|---|---|---|---|---|---|
| Dewey Decimal Classification | London | London | News article | 30/06/2004 | WB4025-22 | 126654-1001 | 06/08/2019 | 1 | 06/08/2019 | News article |